| 000 | 004440000a22001810004500 | ||
|---|---|---|---|
| 003 | MACL | ||
| 005 | 20160109134107.0 | ||
| 008 | 160109b xxu||||| |||| 00| 0 eng d | ||
| 040 |
_aMACL _cMACL |
||
| 041 | _aEnglish | ||
| 082 | _a920.71/DES | ||
| 100 |
_aDeshmukh, C D _930425 |
||
| 245 | _aThe Course of My Life | ||
| 260 |
_bOrient Longmans Ltd _c1974 _aPoona |
||
| 350 | _a45 | ||
| 650 |
_aBiography _930426 |
||
| 942 |
_cBK _k920.71/DES _2ddc |
||
| 999 |
_c36109 _d36109 |
||